000 00724nam a2200229 a 4500
003 OSt
005 20141017171956.0
008 020226s2004 esp 000 0 spa d
020 _a970-10-3084-2
040 _cBMC
082 _a658.15
100 1 _aBesley, Scott
_98493
245 1 0 _aFundamentos de administración financiera
_cScott Besley, Eugene F. Brigham ; traducción Jaime Gómez Mont
250 _a12ª ed
260 _aMéxico, D.F. [etc.]
_bMcGraw-Hill
_c2004
300 _aXXVI, 919 p.
_c26 cm
595 _aTraducción de: essentials of managerial finance
650 2 4 _aEmpresas
_95713
_xFinanzas
700 1 _98494
_aBrigham, Eugene F.
700 1 _98394
_aGómez Mont Araiza, Jaime
942 _2ddc
_cBK
999 _c14524
_d14524